Ranking Kibiców 23/24 ESA - Statystyki

Ogólne statystyki
  • Ten quiz został rozwiązany 44 razy
  • Średni wynik to 13 z 15
Statystyki odpowiedzi
Hint Odpowiedź % Poprawnych
2 Lech
100%
1 Legia
100%
7 Górnik
90%
5 Pogoń
90%
3 Ruch
90%
6 Śląsk
90%
4 Widzew
90%
10 ŁKS
88%
8 Jagiellonia
83%
14 Raków
83%
11 Cracovia
81%
13 Zagłębie
79%
12 Korona
74%
15 Piast
71%
9 Radomiak
71%
Nie znaleziono quizów pasujących do podanych kryteriów
Rozkład punktacji
Procent ludzi z każdym wynikiem
Percentyl według liczby udzielonych odpowiedzi
Twoja historia wyników
Nie rozwiązałeś tego quizu